Guess the player by their career path -- Barcelona Edition - Statistics

General Stats
  • This quiz has been taken 33 times
  • The average score is 10 of 15
Answer Stats
Hint Answer % Correct
2003–2004 Barcelona C 2004–2005 Barcelona B 2004–2021 Barcelona 2021–2023 Paris Saint-Germain 2023– Inter Miami Lionel Messi
100%
2015– Manchester United2025 → Aston Villa (loan) 2025– → Barcelona (loan) Marcus Rashford
97%
1964–1973 Ajax 1973–1978 Barcelona 1979 Los Angeles Aztecs 1980–1981 Washington Diplomats 1981 → Levante (loan) 1981–1983 Ajax 1983–1984 Feyenoord Johan Cruyff
93%
1993–1994 Cruzeiro 1994–1996 PSV 1996–1997 Barcelona 1997–2002 Inter Milan 2002–2007 Real Madrid 2007–2008 AC Milan 2009–2011 Corinthians Ronaldo
87%
1989–1995 Sporting CP 1995–2000 Barcelona 2000–2005 Real Madrid 2005–2009 Inter Milan Luís Figo
83%
2019– Barcelona 2023–2024 → Brighton & Hove Albion (loan) 2025– → Monaco (loan) Ansu Fati
80%
2008–2013 Inter Milan 2008–2010 → Vasco da Gama (loan) 2012 → Espanyol (loan) 2013–2018 Liverpool 2018–2022 Barcelona 2019–2020 → Bayern Munich (loan) 2022 → Aston Villa (loan) 2022–2025 Aston Villa 2023–2024 → Al-Duhail (loan) 2024–2025 → Vasco da Gama (loan) 2025– Vasco da Gama Philippe Coutinho
77%
2005–2006 Cobreloa2006–2011 Udinese 2006–2007 → Colo-Colo (loan) 2007–2008 → River Plate (loan) 2011–2014 Barcelona 2014–2018 Arsenal 2018–2020 Manchester United 2019–2020 → Inter Milan (loan) 2020–2022 Inter Milan 2022–2023 Marseille 2023–2024 Inter Milan 2024–2025 Udinese 2025– Sevilla Alexis Sánchez
63%
1980–1983 Groningen 1983–1986 Ajax 1986–1989 PSV 1989–1995 Barcelona 1995–1997 Feyenoord Ronald Koeman
63%
2019–2021 Espanyol B 2021–2025 Espanyol 2025– Barcelona Joan García
60%
1978–1985 Leicester City 1985–1986 Everton 1986–1989 Barcelona 1989–1992 Tottenham Hotspur 1992–1994 Nagoya Grampus Gary Lineker
53%
2009–2017 Arsenal 2009–2010 → Brentford (loan) 2015–2017 → Roma (loan) 2017–2024 Juventus 2024– Barcelona Wojciech Szczęsny
50%
2011–2012 Sintrense 2012–2016 Benfica B 2012–2013 → Fátima (loan) 2015–2017 Benfica 2017–2020 Barcelona 2020–2025 Wolverhampton Wanderers 2025– Fenerbahçe Nélson Semedo
43%
2016–2017 Rentistas 2017–2018 Boston River 2018–2020 Barcelona B 2019– Barcelona Ronald Araújo
40%
1999–2002 Barcelona B 2001–2007 Barcelona 2007–2008 Atlético Madrid 2008–2009 Genoa 2009–2012 Inter Milan 2012–2018 Paris Saint-Germain Thiago Motta
23%
No matching quizzes found
Score Distribution
Percent of People with Each Score
Percentile by Number Answered
Your Score History
You have not taken this quiz